000 00467nam a22001937a 4500
003 MPLRDC
005 20220104113941.0
008 210129b ||||| |||| 00| 0 eng d
020 _a957-560-081-9
082 _a848.2 XLZ v.2 c.2
100 _a杏林子
245 _a另一种爱情
_c
250 _a二十五版
260 _a
_b九歌出版社
_c1990
300 _b
490 _a九歌文库;102
650 _a现代别集
942 _cBK
_o848.2 XLZ v.2 c.2
999 _c3639
_d3629